000 00967nam a22002417a 4500
003 OSt
005 20250910105344.0
008 240814b ||||| |||| 00| 0 eng d
040 _c0
082 _aDPer 510.5 Am351 October-December 2019 v. 141 n. 5-6
100 _aGaboriau, Damien.
_eauthor.
_957732
245 _aCocycle superrigidity for translation actions of product groups /
_cDamien Gaboriau, Adrian Ioana, and Robin Tucker-Drob.
260 _aBaltimore, Maryland U.S. ;
_bJohns Hopkins University Pres ,
_cOctober 2019.
300 _aVolume 141, pages 1347-1374 :
_billustration ;
_c26 cm.
500 _aAmerican Journals of Mathematics, vol. 141 no. 5, pages 1347-1374, October 2019
650 _aMathematics.
_960498
650 _aGroup theory.
_947669
650 _aAlgebra.
_960499
700 _aGaboriau, Damien.
_eauthor.
_957733
700 _aIoana, Adrian.
_eauthor.
_957734
700 _aTucker-Drob, Robin.
_eauthor.
_957735
942 _2ddc
_cPER
999 _c20450
_d20450